000 00458cam a22001934a 4500
005 20250605164254.0
008 250528s ||||||||||||||||||||||||d
035 _a21864
020 _a9780750650861
040 _aGR-AtMCL
_bgre
_dGR-AtMCL
_eAACR2
245 1 _aDATA ANALYSIS FOR DATABASE DESIGN
250 _a3
260 _bButterworths,
_c2001
300 _a323
700 1 _aHowe David
_97761
942 _cBK
999 _c6922
_d6922